| 000 | 00905cai a22001815a 4500 | ||
|---|---|---|---|
| 001 | E148618 | ||
| 008 | 091013u xxk g 000 0 eng d | ||
| 035 | _a(Sirsi) u148618 | ||
| 041 | 0 | _aeng | |
| 110 | 2 |
_aValuation Office Agency _93141 |
|
| 245 | 0 | 0 |
_aValuation Office Agency _bbusiness rates, list of rateable values _h[electronic resource] |
| 520 | _aSets out the VOA's business rate valuations for 2010, and allows owners to compare their valuation with others', amend their property details and appeal the valuation. Also provides information on what business rates are, how they are calculated, and how bills are calculated. | ||
| 590 | _aKA NTK | ||
| 651 | 4 |
_aUnited Kingdom _y1973- |
|
| 690 | _aPROPERTY-COMMERCIAL PROPERTY-COMMERCIAL PROPERTY TAXATION-BUSINESS RATES | ||
| 856 | 4 | 0 |
_uhttps://www.2010.voa.gov.uk/rli/en/basic _zView the website free of charge at www.2010.voa.gov.uk... |
| 942 | _n0 | ||
| 999 |
_c120831 _d120831 |
||